| 000 | 02066nam0a2200349 4500 | ||
|---|---|---|---|
| 001 | RU\NLR\BIBL_A\016276521 | ||
| 005 | 20230406171025.0 | ||
| 010 |
_a978-5-6046815-9-6 _9350 |
||
| 021 |
_aRU _bКН-П-22-093237 _9КН-П-22-8330 |
||
| 035 | _a(NLR Aleph) 016276521 | ||
| 035 | _a(RuMoRGB)011497396 | ||
| 090 |
_a12903014 _c12903014 |
||
| 100 | _a20230203d2022 u y0rusy50 ca | ||
| 101 | 0 | _arus | |
| 102 | _aRU | ||
| 105 | _aach z 000zb | ||
| 181 | 0 |
_ai3 _baxxe |
|
| 181 | 0 |
_ab2 _bxb2e |
|
| 182 | 0 | _an | |
| 200 | 1 |
_aЭто наш Петров _e[сборник _eк 80-летию первого Председателя Правительства Республики Алтай Владимира Ивановича Петрова _fредактор-составитель: Темеев С. С.] |
|
| 203 |
_aТекст _aИзображение _bвизуальные _cнепосредственные |
||
| 210 |
_aГорно-Алтайск _cАлтын-Туу _d2022 |
||
| 215 |
_a295 с. _cил., портр., факс. _d22 |
||
| 330 | _aB феврале 2022 года исполнилось 80 лет известному политику, общественному деятелю, первому Председателю Правительства Республики Алтай Владимиру Ивановичу Петрову. Данная книга о большом жизненном пути и яркой трудовой деятельности юбиляра. Книга предназначена для широкого круга читателей | ||
| 600 | 1 |
_aПетров _bВ.И. _gВладимир Иванович _f1942 _2nlr_sh2 _3RU\NLR\AUTH\6601721851 |
|
| 686 | 1 | _aТ3(2Р-4Ал-6Г)74-8 | |
| 702 | 1 |
_aТемеев _bС. С. _f1957- _gСергей Сараевич _4220 |
|
| 702 | 1 |
_aПетров _bВ. И. _cгос. деятель _f1942- _gВладимир Иванович _3RU\NLR\AUTH\770254166 _4280 |
|
| 942 | _cBOOK | ||
| 980 | _aNB | ||